Nebraska: unikameralizmus v americkej politike

Bibliographic Details
Main Author: Just, Petr, 1978- (Author)
Format: Article
Language:Slovak
ISSN:1335-2741
Subjects:

MARC

LEADER 00000nab a2200000 a 4500
001 vtls008829874
003 SK-MaSNL
005 20260304140105.0
008 250505c2004 xo qr|p|||||||000 b|slo
015 |a SNBRB2006/07 
035 |a (sysno)vtls008829874 
035 |a urn:nbn:sk:snk-ab75im 
035 |a (uuid)0f6be403-4f46-4722-8ebf-088024bcc9ba 
035 |a (urnnbn)urn:nbn:sk:snk:ar-a06zjb 
038 |a SNKBUCL 
040 |a SNKBUCL  |b slo  |c SNKBUCL  |e AACR2 
041 0 |a slo  |b eng 
044 |a xo  |c SK 
080 |a 323  |x (738.2)  |2 2001 
080 |a 342  |x (738.2)  |2 2001 
100 1 |a Just, Petr,  |d 1978-  |4 aut  |9 420884 
245 1 0 |a Nebraska: unikameralizmus v americkej politike  |c Petr Just 
504 |a Bibliogr. odkazy 
546 |a Res. angl. 
650 0 7 |a politický systém  |2 snkbucl  |9 3587 
650 0 7 |a právny systém  |2 snkbucl  |9 391636 
651 7 |a Nebraska  |2 snkbucl  |9 49334 
773 0 |t Politické vedy  |g Roč. XII, č. 1 (2004), s. 103-131  |x 1335-2741 
850 |a Slovenská národná knižnica 
852 |a Slovenská národná knižnica 
954 |a odborná, vedecká literatúra cudzojazyčná (svetová)  |2 lita 
958 |a article27 
958 |a NB 
958 |a OND 
958 |a EUIPO 
999 |c 2913554  |d 2915484